00798nam a2200205 u 450000100040000000500170000400800410002103500080006204000130007004100080008308200080009110000480009924501180014726000430026530000140030850001060032265000310042865000280045950001050048782920260428104221.0950310s1994 ||||||m| spa  a829 ccomduadb aspa 4a37210aSánchez Valencia, Jorge Ignacio4auteaut10aEvaluacion del programa escuela nueva en el distrito educativo 12 Uraba Municipio de Apartado, Carepa y Chigorodo aMedellín :b[sin publicador],c1994. a279 hojas aTesis (especialista en supervision educativa)--Universidad de Antioquia. Facultad de Educacion, 1994. 7aEducación primaria2lemb 7aEducación rural2lemb aTesis (Especialista en Supervision Educativa) Universidad de Antioquia - Título del grado otorgado